[Event "Harkany Tenkes Cup 42nd"]
[Site "Harkany"]
[Date "2018.11.25"]
[Round "4"]
[White "Turkalj, Zvonko"]
[Black "Konya, Attila Sr"]
[Result "0-1"]
[WhiteElo "1870"]
[BlackElo "1744"]
[PlyCount "56"]
[EventDate "2018.11.23"]
[EventType "swiss"]
[EventRounds "9"]
[EventCountry "HUN"]
[SourceTitle "CBM 187 Extra"]
[Source "ChessBase"]
[SourceDate "2018.11.04"]
[SourceVersion "1"]
[SourceVersionDate "2018.11.04"]
[SourceQuality "1"]

1. e4 c5 2. Nf3 Nc6 3. d4 cxd4 4. Nxd4 g6 5. Nc3 Bg7 6. Be3 Nf6 7. f3 0-0 8. Qd2 d5 9. exd5 Nxd5 10. Nxc6 bxc6 11. Nxd5 cxd5 12. c3 Qa5 13. Bh6 Bxh6 14. Qxh6 Rb8 15. Qd2 e5 16. b3 Rxb3 17. axb3 Qxa1+ 18. Kf2 Qa5 19. Qb2 Qc5+ 20. Ke1 Qe3+ 21. Kd1 Bf5 22. Bb5 Rd8 23. Re1 Qc5 24. Bf1 e4 25. b4 Qb6 26. Qd2 d4 27. c4 e3 28. Qb2 d3 0-1

[Event "Harkany Tenkes Cup 42nd"]
[Site "Harkany"]
[Date "2018.11.24"]
[Round "3"]
[White "Balogh, Imre Jr"]
[Black "Konya, Attila Sr"]
[Result "1/2-1/2"]
[WhiteElo "1923"]
[BlackElo "1744"]
[PlyCount "31"]
[EventDate "2018.11.23"]
[EventType "swiss"]
[EventRounds "9"]
[EventCountry "HUN"]
[SourceTitle "CBM 187 Extra"]
[Source "ChessBase"]
[SourceDate "2018.11.04"]
[SourceVersion "1"]
[SourceVersionDate "2018.11.04"]
[SourceQuality "1"]

1. e4 c5 2. Nf3 Nc6 3. d4 cxd4 4. Nxd4 g6 5. Nc3 Bg7 6. Be3 Nf6 7. Be2 0-0 8. 0-0 d5 9. Nxc6 bxc6 10. e5 Nd7 11. f4 e6 12. Na4 Qa5 13. b3 f6 14. exf6 Nxf6 15. Bd4 Ne4 16. Bxg7 1/2-1/2

[Event "Harkany Tenkes Cup 42nd"]
[Site "Harkany"]
[Date "2018.11.23"]
[Round "1"]
[White "Pasti, Aron"]
[Black "Konya, Attila Sr"]
[Result "1-0"]
[WhiteElo "2196"]
[BlackElo "1744"]
[PlyCount "45"]
[EventDate "2018.11.23"]
[EventType "swiss"]
[EventRounds "9"]
[EventCountry "HUN"]
[SourceTitle "CBM 187 Extra"]
[Source "ChessBase"]
[SourceDate "2018.11.04"]
[SourceVersion "1"]
[SourceVersionDate "2018.11.04"]
[SourceQuality "1"]

1. e4 c5 2. Nf3 Nc6 3. Nc3 g6 4. d4 cxd4 5. Nxd4 Bg7 6. Be3 Nf6 7. Bc4 0-0 8. Bb3 a5 9. f3 d6 10. Qd2 Bd7 11. g4 Nxd4 12. Bxd4 Bc6 13. h4 b5 14. a4 b4 15. Ne2 Qd7 16. h5 e6 17. hxg6 fxg6 18. Nf4 d5 19. Qh2 Rae8 20. e5 Qc7 21. exf6 Bxf6 22. Bxf6 Rxf6 23. Nh5 1-0

[Event "Lovo op 13th"]
[Site "Lovo"]
[Date "2018.08.26"]
[Round "5"]
[White "Fuerndrath, Kilian"]
[Black "Konya, Attila Sr"]
[Result "0-1"]
[WhiteElo "1208"]
[BlackElo "1756"]
[PlyCount "104"]
[EventDate "2018.08.25"]
[EventType "swiss"]
[EventRounds "5"]
[EventCountry "HUN"]
[SourceTitle "CBM 186 Extra"]
[Source "ChessBase"]
[SourceDate "2018.08.24"]
[SourceVersion "1"]
[SourceVersionDate "2018.08.24"]
[SourceQuality "1"]

1. e4 c5 2. c3 d5 3. exd5 Qxd5 4. d4 Nf6 5. Nf3 Nc6 6. Be3 cxd4 7. cxd4 e6 8. Nc3 Bb4 9. Bd3 Ne4 10. Qc2 Nxc3 11. bxc3 Bd6 12. 0-0 Bd7 13. Rab1 Rc8 14. Qe2 0-0 15. Ng5 h6 16. c4 Qa5 17. Bd2 Qc7 18. Qh5 f5 19. Nf3 Be8 20. Qh3 b6 21. Bxh6 gxh6 22. Qxh6 Bf4 23. Qxe6+ Rf7 24. Bxf5 Bd7 25. Qg6+ Kf8 26. Bd3 Qd6 27. Qxd6+ Bxd6 28. Rfe1 Bg4 29. Ne5 Nxe5 30. dxe5 Bc5 31. Rb2 Rd8 32. Bg6 Rfd7 33. Kf1 Rd2 34. Rxd2 Rxd2 35. f3 Rf2+ 36. Kg1 Rxf3+ 37. Kh1 Rf2 38. h3 Be6 39. Bd3 Rxa2 40. h4 Rd2 41. Bf1 Rd4 42. g3 Bxc4 43. Bxc4 Rxc4 44. e6 Ke7 45. Kg2 Bd6 46. Kh3 Rc3 47. h5 Bxg3 48. Re4 Be5+ 49. Kg4 Kxe6 50. h6 Rg3+ 51. Kh5 Kf5 52. Rh4 Rg5# 0-1

[Event "HUN-chT2 Asztalos 1718"]
[Site "Hungary"]
[Date "2018.03.25"]
[Round "8.9"]
[White "Grunwald, Geza"]
[Black "Konya, Attila Sr"]
[Result "1-0"]
[WhiteElo "1798"]
[BlackElo "1766"]
[PlyCount "82"]
[EventDate "2017.10.29"]
[EventType "team-tourn"]
[EventRounds "9"]
[EventCountry "HUN"]
[SourceTitle "EXT 2021"]
[Source "ChessBase"]
[SourceDate "2020.10.23"]
[SourceVersion "1"]
[SourceVersionDate "2020.10.23"]
[SourceQuality "1"]
[WhiteTeam "Komlo Banyasz II"]
[BlackTeam "Pecs Karmin"]
[WhiteTeamCountry "HUN"]
[BlackTeamCountry "HUN"]

1. d4 Nf6 2. c4 g6 3. Nc3 Bg7 4. e4 d6 5. f4 0-0 6. Be2 c5 7. d5 e6 8. Nf3 exd5 9. cxd5 Bg4 10. h3 Bxf3 11. Bxf3 Nbd7 12. g4 h6 13. h4 Nh7 14. Qc2 Re8 15. Bd2 a6 16. 0-0-0 b5 17. g5 h5 18. f5 Ne5 19. fxg6 fxg6 20. Rdf1 Nf8 21. Ne2 Nfd7 22. Nf4 Nxf3 23. Rxf3 Ne5 24. Rf2 Qb6 25. Bc3 Kh7 26. Rhf1 a5 27. Ne6 Ra7 28. Nxg7 Kxg7 29. Rf6 b4 30. Bxe5 Rxe5 31. Qh2 Qb5 32. Qc2 a4 33. R1f2 Rae7 34. b3 axb3 35. axb3 Qa6 36. Qb2 c4 37. Qxe5 Qa3+ 38. Qb2 Qxb2+ 39. Kxb2 c3+ 40. Kc2 Ra7 41. Kd3 Rc7 1-0

[Event "HUN-chT2 Asztalos 1617"]
[Site "Hungary"]
[Date "2016.11.13"]
[Round "4.6"]
[White "Galambos, Tivadar"]
[Black "Konya, Attila Sr"]
[Result "1-0"]
[WhiteElo "1937"]
[BlackElo "1866"]
[PlyCount "99"]
[EventDate "2016.09.25"]
[EventType "team-tourn"]
[EventRounds "11"]
[EventCountry "HUN"]
[SourceTitle "EXT 2021"]
[Source "ChessBase"]
[SourceDate "2020.10.23"]
[SourceVersion "1"]
[SourceVersionDate "2020.10.23"]
[SourceQuality "1"]
[WhiteTeam "Kaposvar Bastya"]
[BlackTeam "Pecs Karmin"]
[WhiteTeamCountry "HUN"]
[BlackTeamCountry "HUN"]

1. e4 c5 2. Nf3 Nc6 3. d4 cxd4 4. Nxd4 g6 5. Nxc6 bxc6 6. Qd4 Nf6 7. e5 Nd5 8. e6 f6 9. c4 Nb4 10. Qc3 c5 11. exd7+ Bxd7 12. a3 Qa5 13. Bd2 Bg7 14. b3 Qc7 15. axb4 cxb4 16. Qg3 e5 17. Bxb4 Qb6 18. Ba5 Qd4 19. Qc3 Qe4+ 20. Be2 0-0 21. Qd3 Qb7 22. Qd5+ Qxd5 23. cxd5 f5 24. 0-0 Rfc8 25. Bc4 a6 26. d6+ Kf8 27. Bc7 e4 28. Rxa6 Rxa6 29. Bxa6 Ra8 30. Bc4 Bd4 31. Rd1 Ra1 32. g3 Be5 33. Be2 g5 34. Nd2 Ra2 35. Kf1 Bc3 36. Nb1 Be5 37. b4 Rb2 38. b5 Bxb5 39. Bxb5 Rxb5 40. Na3 Rc5 41. Bd8 Ke8 42. Bxg5 Kd7 43. Bf4 Bxf4 44. gxf4 Rc3 45. Nb5 Rf3 46. Ke2 Rxf4 47. Rg1 Rf3 48. Rg3 Rf4 49. Rg1 Kd8 50. Nc7 1-0

[Event "HUN-chT2 Asztalos 1516"]
[Site "Hungary"]
[Date "2015.10.04"]
[Round "2.8"]
[White "Mazak, Lajos"]
[Black "Konya, Attila Sr"]
[Result "1/2-1/2"]
[WhiteElo "1825"]
[BlackElo "1811"]
[PlyCount "102"]
[EventDate "2015.09.13"]
[EventType "team-tourn"]
[EventRounds "11"]
[EventCountry "HUN"]
[SourceTitle "CBM 170 Extra"]
[Source "ChessBase"]
[SourceDate "2016.02.25"]
[SourceVersion "1"]
[SourceVersionDate "2016.02.25"]
[SourceQuality "1"]
[WhiteTeam "Pet"]
[BlackTeam "Pecs Karmin"]
[WhiteTeamCountry "HUN"]
[BlackTeamCountry "HUN"]

1. d4 Nf6 2. c4 g6 3. Nc3 Bg7 4. e4 d6 5. h3 Nbd7 6. Nf3 e5 7. dxe5 dxe5 8. Be3 0-0 9. Be2 c6 10. 0-0 Qc7 11. Qd2 Rd8 12. Rad1 Bf8 13. Bg5 Be7 14. Bh6 Nc5 15. Qc2 Bd7 16. Rd2 Be8 17. Rfd1 Rxd2 18. Rxd2 Rd8 19. Rxd8 Bxd8 20. Be3 Be7 21. b4 Ne6 22. a3 b6 23. Qd3 Nd7 24. Qd2 Nf6 25. Nh2 Qd7 26. Qxd7 Bxd7 27. Nf3 Bd6 28. Kf1 Bc8 29. Bd3 Nh5 30. Bc1 Nhf4 31. Bc2 Nd4 32. Nxd4 exd4 33. Ne2 Ne6 34. f4 f6 35. f5 Nd8 36. Nxd4 Be5 37. Nf3 Bg3 38. Ke2 Nf7 39. Bb2 Kg7 40. fxg6 hxg6 41. Ke3 Nd6 42. Bb3 Be6 43. c5 Bxb3 44. cxd6 Bxd6 45. e5 Be7 46. exf6+ Bxf6 47. Bxf6+ Kxf6 48. h4 Bd5 49. g4 c5 50. bxc5 bxc5 51. Ne1 Be6 1/2-1/2

[Event "HUN-chT2 Asztalos 1213"]
[Site "Hungary"]
[Date "2013.04.21"]
[Round "9.8"]
[White "Weisz, Tamas"]
[Black "Konya, Attila Sr"]
[Result "1-0"]
[WhiteElo "1946"]
[BlackElo "1846"]
[PlyCount "145"]
[EventDate "2012.09.16"]
[EventType "team-tourn"]
[EventRounds "9"]
[EventCountry "HUN"]
[SourceTitle "EXT 2014"]
[Source "ChessBase"]
[SourceDate "2013.11.20"]
[SourceVersion "1"]
[SourceVersionDate "2013.11.20"]
[SourceQuality "1"]
[WhiteTeam "Kaposvar Bastya"]
[BlackTeam "Pecs Karmin"]
[WhiteTeamCountry "HUN"]
[BlackTeamCountry "HUN"]

1. d4 d5 2. c4 c6 3. Nc3 Nf6 4. Nf3 e6 5. Bg5 Nbd7 6. e3 Be7 7. Bd3 h6 8. Bh4 0-0 9. 0-0 b6 10. Rc1 Bb7 11. Qe2 Ne4 12. Bxe7 Nxc3 13. bxc3 Qxe7 14. cxd5 exd5 15. Rfe1 Nf6 16. Ne5 Rac8 17. h3 c5 18. Qf3 Ne4 19. Qf5 g6 20. Qf4 Kg7 21. f3 Nf6 22. Qh4 Rc7 23. Rc2 Rfc8 24. Rce2 Nh5 25. Qf2 Qg5 26. Kh2 cxd4 27. cxd4 Qe7 28. f4 f5 29. g4 fxg4 30. hxg4 Nf6 31. Qh4 Ne4 32. Qxe7+ Rxe7 33. Rf1 Rc3 34. f5 gxf5 35. gxf5 Kf6 36. Ng4+ Kg5 37. Bxe4 Rxe4 38. f6 Rxg4 39. f7 Rf4 40. Kg1 Rg4+ 41. Rg2 Rxg2+ 42. Kxg2 Rc8 43. f8Q Rxf8 44. Rxf8 Bc6 45. Rc8 Bb5 46. Rc7 a6 47. Rb7 Kf5 48. Rxb6 h5 49. Kg3 Ke4 50. Kf2 Kf5 51. Kf3 Bd3 52. a4 h4 53. Kg2 Kg4 54. Rf6 Bc4 55. Rf4+ Kg5 56. Kh3 Bb3 57. a5 Ba4 58. Rxh4 Bb5 59. Kg3 Be2 60. e4 dxe4 61. Rxe4 Bc4 62. Re5+ Kf6 63. Kf4 Bb3 64. d5 Bc4 65. d6 Be6 66. Re3 Bd7 67. Re7 Bc6 68. Ke3 Bb5 69. Kd4 Ba4 70. Kc5 Bb5 71. Kb6 Bf1 72. Kc7 Bb5 73. d7 1-0

[Event "HUN-chT2 Asztalos 1213"]
[Site "Hungary"]
[Date "2012.11.18"]
[Round "4.7"]
[White "Konya, Attila Sr"]
[Black "Szijarto, Attila"]
[Result "1-0"]
[WhiteElo "1832"]
[BlackElo "2101"]
[PlyCount "81"]
[EventDate "2012.09.16"]
[EventType "team-tourn"]
[EventRounds "9"]
[EventCountry "HUN"]
[SourceTitle "EXT 2014"]
[Source "ChessBase"]
[SourceDate "2013.11.20"]
[SourceVersion "1"]
[SourceVersionDate "2013.11.20"]
[SourceQuality "1"]
[WhiteTeam "Pecs Karmin"]
[BlackTeam "Nagyatad"]
[WhiteTeamCountry "HUN"]
[BlackTeamCountry "HUN"]

1. c4 Nf6 2. Nc3 e5 3. Nf3 d6 4. g3 Be7 5. Bg2 0-0 6. 0-0 c5 7. d3 h6 8. a3 Nc6 9. Bd2 Be6 10. Rb1 d5 11. cxd5 Nxd5 12. Re1 a6 13. Qc2 Rc8 14. e3 Qd7 15. Na4 b5 16. e4 Ndb4 17. axb4 Nxb4 18. Bxb4 cxb4 19. Nb6 Rxc2 20. Nxd7 Bxd7 21. Nxe5 Be6 22. d4 Ba2 23. Ra1 Rxb2 24. Nc6 Re8 25. e5 Rd2 26. Red1 Rc2 27. Be4 Re2 28. Re1 Rb2 29. Rac1 Bc4 30. f4 b3 31. Nxe7+ Rxe7 32. d5 a5 33. d6 Rd7 34. f5 a4 35. Bc6 Rd8 36. e6 fxe6 37. fxe6 Rxd6 38. e7 Bf7 39. e8Q+ Bxe8 40. Rxe8+ Kh7 41. Be4+ 1-0

[Event "HUN-chT2 Asztalos 1213"]
[Site "Hungary"]
[Date "2012.11.04"]
[Round "3.9"]
[White "Horvath, Attila1111"]
[Black "Konya, Attila Sr"]
[Result "1/2-1/2"]
[WhiteElo "1853"]
[BlackElo "1832"]
[PlyCount "48"]
[EventDate "2012.09.16"]
[EventType "team-tourn"]
[EventRounds "9"]
[EventCountry "HUN"]
[SourceTitle "EXT 2014"]
[Source "ChessBase"]
[SourceDate "2013.11.20"]
[SourceVersion "1"]
[SourceVersionDate "2013.11.20"]
[SourceQuality "1"]
[WhiteTeam "Szentlorinc"]
[BlackTeam "Pecs Karmin"]
[WhiteTeamCountry "HUN"]
[BlackTeamCountry "HUN"]

1. e4 e6 2. d4 d5 3. Nc3 dxe4 4. Nxe4 Nd7 5. Nf3 Ngf6 6. Nxf6+ Nxf6 7. Bd3 Be7 8. c3 0-0 9. Ng5 c5 10. Be3 cxd4 11. Bxd4 Qd5 12. Bxf6 Bxf6 13. Nxh7 Qe5+ 14. Qe2 Rd8 15. Nxf6+ Qxf6 16. Rd1 Bd7 17. Be4 Rab8 18. Qf3 Qe5 19. 0-0 Bb5 20. Rfe1 Rxd1 21. Rxd1 f5 22. Bd3 Rd8 23. Bxb5 Rxd1+ 24. Qxd1 Qxb5 1/2-1/2

[Event "Dunaujvaros op"]
[Site "Dunaujvaros"]
[Date "2011.03.12"]
[Round "1"]
[White "Konya, Attila Sr"]
[Black "Csernyiczky, Laszlo"]
[Result "1-0"]
[WhiteElo "1770"]
[BlackElo "2132"]
[PlyCount "137"]
[EventDate "2011.03.12"]
[EventType "swiss"]
[EventRounds "7"]
[EventCountry "HUN"]
[SourceTitle "CBM 141 Extra"]
[Source "ChessBase"]
[SourceDate "2011.05.03"]
[SourceVersion "1"]
[SourceVersionDate "2011.05.03"]
[SourceQuality "1"]

1. e4 e5 2. Nf3 Nc6 3. Bb5 Nf6 4. 0-0 Bc5 5. c3 0-0 6. d4 Bb6 7. Bg5 h6 8. Bh4 g5 9. Bg3 Nxe4 10. Bxc6 Nxg3 11. hxg3 bxc6 12. Nxe5 c5 13. Nc4 Ba6 14. Nxb6 axb6 15. Re1 d6 16. dxc5 dxc5 17. Nd2 Bd3 18. Qh5 Bg6 19. Qe2 Re8 20. Qd1 Qd5 21. Nf3 Rxe1+ 22. Qxe1 Rd8 23. Qe2 Bh5 24. c4 Qd3 25. Qe7 Bxf3 26. gxf3 Rd7 27. Qe8+ Kg7 28. Re1 Rd6 29. Qe5+ Rf6 30. Re3 Qxc4 31. b3 Qd4 32. Qxc7 Qa1+ 33. Kg2 Qxa2 34. Qc8 Qb1 35. Re8 Qh7 36. g4 Rd6 37. Qb8 Qd3 38. Rg8+ Kf6 39. Rh8 Ke5 40. Rxh6 f6 41. Rh8 Qxb3 42. Re8+ Kd5 43. Re4 Kc6 44. Qe8+ Kb7 45. Ra4 Qxa4 46. Qxa4 Rd4 47. Qb5 Rb4 48. Qd7+ Ka6 49. Qe6 Rf4 50. Qc6 Ka5 51. Kf1 Rc4 52. Qxf6 b5 53. Qxg5 b4 54. Qd5 Rc3 55. g5 b3 56. Ke2 Kb4 57. Qb7+ Ka3 58. Qa6+ Kb2 59. g6 Rc2+ 60. Ke3 Rc1 61. f4 c4 62. f5 c3 63. Kd3 Rd1+ 64. Kc4 Rg1 65. Qf6 Rc1 66. g7 Ka2 67. Qa6+ Kb1 68. g8Q b2 69. Kb3 1-0

[Event "HUN-chT2 Asztalos 1011"]
[Site "Hungary"]
[Date "2010.10.10"]
[Round "3.11"]
[White "Konya, Attila Sr"]
[Black "Haszon, Attila"]
[Result "0-1"]
[WhiteElo "1763"]
[BlackElo "1741"]
[PlyCount "110"]
[EventDate "2010.09.12"]
[EventType "team-tourn"]
[EventRounds "11"]
[EventCountry "HUN"]
[SourceTitle "EXT 2012"]
[Source "ChessBase"]
[SourceDate "2011.11.24"]
[SourceVersion "1"]
[SourceVersionDate "2011.11.24"]
[SourceQuality "1"]
[WhiteTeam "Pannonpower II"]
[BlackTeam "Marcali"]
[WhiteTeamCountry "HUN"]
[BlackTeamCountry "HUN"]

1. e4 c6 2. d4 d5 3. Nc3 dxe4 4. Nxe4 Bf5 5. Ng3 Bg6 6. Nf3 Nd7 7. Bg5 Ngf6 8. Bxf6 Nxf6 9. c4 e6 10. a3 Bd6 11. Bd3 Bxd3 12. Qxd3 Qa5+ 13. Qc3 Qc7 14. Ne5 Rd8 15. 0-0 0-0 16. Rad1 c5 17. Rfe1 cxd4 18. Qxd4 Bxe5 19. Qxa7 Ng4 20. b4 Ra8 21. Qc5 Qxc5 22. bxc5 Bxg3 23. hxg3 Rfc8 24. Rd4 Nf6 25. Re3 Rxc5 26. Red3 g6 27. f4 Rac8 28. Rb3 Rxc4 29. Rxc4 Rxc4 30. Rxb7 Ng4 31. Kf1 Rc2 32. a4 Ra2 33. Ra7 Ne3+ 34. Ke1 Nxg2+ 35. Kd1 Ne3+ 36. Kc1 Nd5 37. a5 Nb4 38. Kb1 Kg7 39. a6 Rxa6 40. Rxa6 Nxa6 41. Kc2 Kf6 42. Kd3 Kf5 43. Ke3 Kg4 44. Kf2 Nc5 45. Kg2 Ne4 46. Kh2 Nxg3 47. Kg2 Kxf4 48. Kh3 Kf3 49. Kh2 e5 50. Kg1 e4 51. Kh2 e3 52. Kh3 e2 53. Kh4 h6 54. Kh3 e1Q 55. Kh2 Qh1# 0-1

[Event "Budapest Weekend U2200 1st"]
[Site "Budapest"]
[Date "2010.05.29"]
[Round "3"]
[White "Konya, Attila Sr"]
[Black "Slezak, Daniel Robert"]
[Result "0-1"]
[WhiteElo "1784"]
[BlackElo "1600"]
[PlyCount "62"]
[EventDate "2010.05.29"]
[EventType "swiss"]
[EventRounds "6"]
[EventCountry "HUN"]
[SourceTitle "EXT 2020"]
[Source "ChessBase"]
[SourceDate "2019.10.17"]
[SourceVersion "1"]
[SourceVersionDate "2019.10.17"]
[SourceQuality "1"]

1. e4 Nf6 2. e5 Nd5 3. d4 d6 4. Nf3 dxe5 5. Nxe5 c6 6. Qf3 Nf6 7. Be3 Nbd7 8. Bc4 Nxe5 9. dxe5 Nd5 10. Nc3 e6 11. 0-0-0 Bb4 12. Nxd5 cxd5 13. Qg3 Rg8 14. Qg4 Qa5 15. Bb3 Bd7 16. Kb1 Rc8 17. c3 Bc5 18. Bc2 Bxe3 19. Bxh7 Rh8 20. Qxg7 Rxh7 21. Qxh7 Bc5 22. h4 Bb5 23. Rh3 Bc4 24. b3 Qb5 25. Qc2 Be2 26. Re1 Bg4 27. Rg3 Bf5 28. Qxf5 exf5 29. Rf3 a5 30. Rd1 Qe2 31. Rxd5 Ba3 0-1